<?xml version="1.0" encoding="UTF-8"?>
<record
    xmlns:xsi="http://www.w3.org/2001/XMLSchema-instance"
    xsi:schemaLocation="http://www.loc.gov/MARC21/slim http://www.loc.gov/standards/marcxml/schema/MARC21slim.xsd"
    xmlns="http://www.loc.gov/MARC21/slim">

  <leader>03064ngm a2200481   4500</leader>
  <controlfield tag="003">dpl</controlfield>
  <controlfield tag="005">20090109113916.0</controlfield>
  <controlfield tag="007">DVD </controlfield>
  <controlfield tag="008">||||||sp199   xxu|||||c |||  00| 0 ng d </controlfield>
  <datafield tag="010" ind1=" " ind2=" ">
    <subfield code="a">DVD-001995-1997 &amp; DVD-005073-5078</subfield>
  </datafield>
  <datafield tag="024" ind1=" " ind2=" ">
    <subfield code="c">69.00 </subfield>
    <subfield code="a">EVCD-P 9779</subfield>
  </datafield>
  <datafield tag="035" ind1=" " ind2=" ">
    <subfield code="a">DVD-001995-1997</subfield>
  </datafield>
  <datafield tag="035" ind1=" " ind2=" ">
    <subfield code="a">DVD-005073-5078</subfield>
  </datafield>
  <datafield tag="040" ind1=" " ind2=" ">
    <subfield code="a">DPL</subfield>
    <subfield code="c">DPL</subfield>
  </datafield>
  <datafield tag="082" ind1=" " ind2=" ">
    <subfield code="a">DVD /  PRAT</subfield>
  </datafield>
  <datafield tag="245" ind1=" " ind2=" ">
    <subfield code="a">Pratiggya</subfield>
    <subfield code="c">Bikamjit Films Presents</subfield>
    <subfield code="h">[videorecording] VCD/</subfield>
  </datafield>
  <datafield tag="260" ind1=" " ind2=" ">
    <subfield code="b">Eagle Home Entertainment</subfield>
  </datafield>
  <datafield tag="300" ind1=" " ind2=" ">
    <subfield code="a">2 videodisc VCD; (142 min.) :</subfield>
    <subfield code="b">sd., col. ;</subfield>
    <subfield code="c">4 3/4 in.</subfield>
    <subfield code="f">VCD</subfield>
  </datafield>
  <datafield tag="440" ind1=" " ind2=" ">
    <subfield code="a">Eagle Home Entertainment</subfield>
  </datafield>
  <datafield tag="500" ind1=" " ind2=" ">
    <subfield code="a">This title is complete with 2 discs Not to be sold individually</subfield>
  </datafield>
  <datafield tag="500" ind1=" " ind2=" ">
    <subfield code="a">This is a Video CD with Digital Audio, full Motion Video and Play Back Control suitable for Video CD players and Multimedia Pc's with MPEG card.</subfield>
  </datafield>
  <datafield tag="538" ind1=" " ind2=" ">
    <subfield code="a">Dolby Digital 5.1 - Hindi Subtitles: English</subfield>
  </datafield>
  <datafield tag="650" ind1=" " ind2=" ">
    <subfield code="a">Motion Picture</subfield>
  </datafield>
  <datafield tag="700" ind1=" " ind2=" ">
    <subfield code="a">Dehal, Bikram Singh</subfield>
  </datafield>
  <datafield tag="700" ind1=" " ind2=" ">
    <subfield code="a">Singh, Kamwar Jit</subfield>
  </datafield>
  <datafield tag="700" ind1=" " ind2=" ">
    <subfield code="a">Guha, Dulal</subfield>
  </datafield>
  <datafield tag="700" ind1=" " ind2=" ">
    <subfield code="a">Lahiri, Bappi</subfield>
  </datafield>
  <datafield tag="700" ind1=" " ind2=" ">
    <subfield code="a">Dharmendra</subfield>
  </datafield>
  <datafield tag="700" ind1=" " ind2=" ">
    <subfield code="a">Hema Malini</subfield>
  </datafield>
  <datafield tag="700" ind1=" " ind2=" ">
    <subfield code="a">Guha, Dulal</subfield>
  </datafield>
  <datafield tag="942" ind1=" " ind2=" ">
    <subfield code="c">CF</subfield>
    <subfield code="2">ddc</subfield>
    <subfield code="h">DVD</subfield>
    <subfield code="m">PRAT</subfield>
  </datafield>
  <datafield tag="999" ind1=" " ind2=" ">
    <subfield code="c">20763</subfield>
    <subfield code="d">20763</subfield>
  </datafield>
  <datafield tag="952" ind1=" " ind2=" ">
    <subfield code="0">0</subfield>
    <subfield code="1">0</subfield>
    <subfield code="2">ddc</subfield>
    <subfield code="4">0</subfield>
    <subfield code="7">0</subfield>
    <subfield code="a">L</subfield>
    <subfield code="b">L</subfield>
    <subfield code="d">2009-01-09</subfield>
    <subfield code="e">Purchase</subfield>
    <subfield code="g">69.00</subfield>
    <subfield code="l">16</subfield>
    <subfield code="o">DVD PRAT</subfield>
    <subfield code="p">DVD-001995</subfield>
    <subfield code="r">2013-05-03 00:00:00</subfield>
    <subfield code="s">2013-04-09</subfield>
    <subfield code="t">1</subfield>
    <subfield code="v">69.00</subfield>
    <subfield code="w">2009-01-09</subfield>
    <subfield code="y">CF</subfield>
  </datafield>
  <datafield tag="952" ind1=" " ind2=" ">
    <subfield code="0">0</subfield>
    <subfield code="1">0</subfield>
    <subfield code="2">ddc</subfield>
    <subfield code="4">0</subfield>
    <subfield code="7">0</subfield>
    <subfield code="a">ZLS</subfield>
    <subfield code="b">ZLS</subfield>
    <subfield code="d">2009-01-09</subfield>
    <subfield code="e">Purchase</subfield>
    <subfield code="g">69.00</subfield>
    <subfield code="l">8</subfield>
    <subfield code="o">DVD PRAT</subfield>
    <subfield code="p">DVD-001996</subfield>
    <subfield code="r">2014-09-18 00:00:00</subfield>
    <subfield code="s">2014-09-03</subfield>
    <subfield code="t">1</subfield>
    <subfield code="v">69.00</subfield>
    <subfield code="w">2009-01-09</subfield>
    <subfield code="y">CF</subfield>
  </datafield>
  <datafield tag="952" ind1=" " ind2=" ">
    <subfield code="0">0</subfield>
    <subfield code="1">0</subfield>
    <subfield code="2">ddc</subfield>
    <subfield code="4">0</subfield>
    <subfield code="7">0</subfield>
    <subfield code="a">BL1</subfield>
    <subfield code="b">BL1</subfield>
    <subfield code="d">2009-01-09</subfield>
    <subfield code="e">Purchase</subfield>
    <subfield code="g">69.00</subfield>
    <subfield code="l">12</subfield>
    <subfield code="o">DVD PRAT</subfield>
    <subfield code="p">DVD-001997</subfield>
    <subfield code="r">2016-07-23 00:00:00</subfield>
    <subfield code="s">2013-04-09</subfield>
    <subfield code="t">1</subfield>
    <subfield code="v">69.00</subfield>
    <subfield code="w">2009-01-09</subfield>
    <subfield code="y">CF</subfield>
  </datafield>
  <datafield tag="952" ind1=" " ind2=" ">
    <subfield code="0">0</subfield>
    <subfield code="1">0</subfield>
    <subfield code="2">ddc</subfield>
    <subfield code="4">0</subfield>
    <subfield code="7">0</subfield>
    <subfield code="a">JP</subfield>
    <subfield code="b">JP</subfield>
    <subfield code="d">2009-11-26</subfield>
    <subfield code="e">Pioneers/885/29-10-09/325/13-10-09 /06-11-09 </subfield>
    <subfield code="g">69.00</subfield>
    <subfield code="l">13</subfield>
    <subfield code="o">DVD PRAT</subfield>
    <subfield code="p">DVD-005073</subfield>
    <subfield code="r">2013-03-02 00:00:00</subfield>
    <subfield code="s">2013-02-23</subfield>
    <subfield code="t">1</subfield>
    <subfield code="v">69.00</subfield>
    <subfield code="w">2009-11-26</subfield>
    <subfield code="y">CF</subfield>
  </datafield>
  <datafield tag="952" ind1=" " ind2=" ">
    <subfield code="0">0</subfield>
    <subfield code="1">0</subfield>
    <subfield code="2">ddc</subfield>
    <subfield code="4">0</subfield>
    <subfield code="7">0</subfield>
    <subfield code="a">RKP</subfield>
    <subfield code="b">RKP</subfield>
    <subfield code="d">2009-11-26</subfield>
    <subfield code="e">Pioneers/885/29-10-09/325/13-10-09 /06-11-09 </subfield>
    <subfield code="g">69.00</subfield>
    <subfield code="l">2</subfield>
    <subfield code="o">DVD PRAT</subfield>
    <subfield code="p">DVD-005074</subfield>
    <subfield code="r">2014-02-12 00:00:00</subfield>
    <subfield code="s">2014-02-01</subfield>
    <subfield code="t">1</subfield>
    <subfield code="v">69.00</subfield>
    <subfield code="w">2009-11-26</subfield>
    <subfield code="y">CF</subfield>
  </datafield>
  <datafield tag="952" ind1=" " ind2=" ">
    <subfield code="0">0</subfield>
    <subfield code="1">0</subfield>
    <subfield code="2">ddc</subfield>
    <subfield code="4">0</subfield>
    <subfield code="7">0</subfield>
    <subfield code="a">VP</subfield>
    <subfield code="b">VP</subfield>
    <subfield code="d">2009-11-26</subfield>
    <subfield code="e">Pioneers/885/29-10-09/325/13-10-09 /06-11-09 </subfield>
    <subfield code="g">69.00</subfield>
    <subfield code="l">2</subfield>
    <subfield code="o">DVD PRAT</subfield>
    <subfield code="p">DVD-005075</subfield>
    <subfield code="r">2010-10-04 00:00:00</subfield>
    <subfield code="s">2010-09-23</subfield>
    <subfield code="t">1</subfield>
    <subfield code="v">69.00</subfield>
    <subfield code="w">2009-11-26</subfield>
    <subfield code="y">CF</subfield>
  </datafield>
  <datafield tag="952" ind1=" " ind2=" ">
    <subfield code="0">0</subfield>
    <subfield code="1">0</subfield>
    <subfield code="2">ddc</subfield>
    <subfield code="4">0</subfield>
    <subfield code="7">0</subfield>
    <subfield code="a">BL3</subfield>
    <subfield code="b">BL3</subfield>
    <subfield code="d">2009-11-26</subfield>
    <subfield code="e">Pioneers/885/29-10-09/325/13-10-09 /06-11-09 </subfield>
    <subfield code="g">69.00</subfield>
    <subfield code="l">8</subfield>
    <subfield code="o">DVD PRAT</subfield>
    <subfield code="p">DVD-005076</subfield>
    <subfield code="r">2015-01-02 00:00:00</subfield>
    <subfield code="s">2014-12-30</subfield>
    <subfield code="t">1</subfield>
    <subfield code="v">69.00</subfield>
    <subfield code="w">2009-11-26</subfield>
    <subfield code="y">CF</subfield>
  </datafield>
  <datafield tag="952" ind1=" " ind2=" ">
    <subfield code="0">0</subfield>
    <subfield code="1">0</subfield>
    <subfield code="2">ddc</subfield>
    <subfield code="4">0</subfield>
    <subfield code="7">0</subfield>
    <subfield code="a">NR</subfield>
    <subfield code="b">NR</subfield>
    <subfield code="d">2009-11-26</subfield>
    <subfield code="e">Pioneers/885/29-10-09/325/13-10-09 /06-11-09 </subfield>
    <subfield code="g">69.00</subfield>
    <subfield code="l">0</subfield>
    <subfield code="o">DVD PRAT</subfield>
    <subfield code="p">DVD-005077</subfield>
    <subfield code="r">2009-11-26 00:00:00</subfield>
    <subfield code="t">1</subfield>
    <subfield code="v">69.00</subfield>
    <subfield code="w">2009-11-26</subfield>
    <subfield code="y">CF</subfield>
  </datafield>
  <datafield tag="952" ind1=" " ind2=" ">
    <subfield code="0">0</subfield>
    <subfield code="1">0</subfield>
    <subfield code="2">ddc</subfield>
    <subfield code="4">0</subfield>
    <subfield code="7">0</subfield>
    <subfield code="a">BL4</subfield>
    <subfield code="b">BL4</subfield>
    <subfield code="d">2009-11-26</subfield>
    <subfield code="e">Pioneers/885/29-10-09/325/13-10-09 /06-11-09 </subfield>
    <subfield code="g">69.00</subfield>
    <subfield code="l">0</subfield>
    <subfield code="o">DVD PRAT</subfield>
    <subfield code="p">DVD-005078</subfield>
    <subfield code="r">2009-11-26 00:00:00</subfield>
    <subfield code="t">1</subfield>
    <subfield code="v">69.00</subfield>
    <subfield code="w">2009-11-26</subfield>
    <subfield code="y">CF</subfield>
  </datafield>
</record>
